00545nam a2200145Ia 4500008004100000024004100041082001500082100005000097245004300147260002500190600002100215650003800236952010800274999001700382250506s9999 xx 000 0 und d a11B-13-BS, 11B-29-BS & 11B-37-BS a004.072 BS aAhsan Ahmed Chisti, M. Owais Afsar & Amar Ali 0aSmart IT service Help Desk (code book) aKarachi:bUIT,c2011 aComputer Science aBachelor of Computer Science (BS) 001040708PR-CSaUITUbUITUd2022-07-26l0o004.072 BSpBS-378-Ar2025-05-06 11:34:05w2025-05-06yPR c27583d27583